The future of anthropology : its relevance to the contemporary world

Saved in:
Bibliographic Details
Other Authors: Ahmed, Akbar S. (Editor), Shore, Cris 1959- (Editor)
Format: Book
Language:English
Published: London : Athlone , 1995
Subjects:
Tags: Add Tag
No Tags, Be the first to tag this record!

MARC

LEADER 00000nam a2200000 i 4500
001 1/12139
008 980121s1995 eng d
020 |a 0-485-12105-0 
035 |1 ΠΑΡ  |a 1997  |l 10018515 
040 |a GR-MY-UA  |b gre  |e aacr 
041 0 |a eng 
082 0 |a 305.8001 
245 1 4 |a The future of anthropology :  |b its relevance to the contemporary world /  |c Edited by Akbar Ahmed and Cris Shore 
260 |a London :   |b Athlone ,   |c 1995 
300 |a 291 p. 
504 |a Includes bibliographical references and index 
650 0 0 |a Ethnology  |x Philosophy. 
650 0 0 |a Ethnology  |x Methodology. 
700 1 |a Ahmed, Akbar S.  |4 edt 
700 1 |a Shore, Cris  |d 1959-  |4 edt 
852 |a INST  |b LESVOS  |e 19980121  |h 305.8001 FUT  |p 005100015302  |q 005100015302  |t BK  |y 0 
909 |a Λ  |b 052911 
950 |a 086-1996-07-16